| 000 | 01045nam0a2200265 4500 | ||
|---|---|---|---|
| 001 | RU\NLR\BIBL_A\011652354 | ||
| 005 | 20260524063418.0 | ||
| 035 | _a(NLR Aleph) 011652354 | ||
| 090 |
_a13415873 _c13415873 |
||
| 100 | _a20180305d1941 m y0rusy50 ca | ||
| 101 | 0 | _achv | |
| 102 | _aRU | ||
| 105 | _ay z 000 y | ||
| 200 | 1 |
_aЯлти чухăнсем патне _eсоциал-демократ. мěн тăвасшăн пулни çинчен хресченсене ăнлантарса пани _fВ. И. Ленин _gВ. А. Долгов куçарнă |
|
| 210 |
_aШупашкар _cЧăваш АССР Гос. изд-ви _d1941 |
||
| 215 |
_a101,[2] с. _d21 |
||
| 541 | 1 | _aК деревенской бедноте | |
| 686 | 1 | _aА15 | |
| 700 | 1 |
_4570 _7ca _8rus _aЛенин _bВ. И. _f1870-1924 _gВладимир Ильич _9113579 _3RU\NLR\AUTH\773584 |
|
| 852 |
_aNLR _bОНЛ _jЧув./3-519 |
||
| 942 | _cBOOK | ||
| 945 | _aРоссийская национальная библиотека | ||
| 980 | _aBV | ||
| 980 | _aNB | ||